书目信息 |
| 题名: |
浦漫汀儿童文学论稿
|
|
| 作者: | 浦漫汀 著 | |
| 分册: | ||
| 出版信息: | 石家庄 河北少年儿童出版社 2002 |
|
| 页数: | 630页 | |
| 开本: | 22cm | |
| 丛书名: | ||
| 单 册: | ||
| 中图分类: | I106.8 | |
| 科图分类: | ||
| 主题词: | 儿童文学--文学评论--世界 | |
| 电子资源: | ||
| ISBN: | 7-5376-2444-5 | |
| 000 | 00583nam0 2200193 45 | |
| 001 | 0310262054 | |
| 005 | 20031219104121.0 | |
| 010 | @a7-5376-2444-5@b精装@dCNY25.00 | |
| 100 | @a20031026d2002 km y0chiy0120 ea | |
| 101 | 0 | @achi |
| 105 | @a z 000yy | |
| 200 | 1 | @a浦漫汀儿童文学论稿@APu Man Ting Er Tong Wen Xue Lun Gao@f浦漫汀著@FPu Man Ting Zhu |
| 210 | @a石家庄@c河北少年儿童出版社@d2002 | |
| 215 | @a630页@d22cm | |
| 606 | 0 | @a儿童文学@x文学评论@y世界 |
| 690 | @aI106.8@v4 | |
| 701 | @a浦漫汀@4著 | |
| 801 | @aCN@bTSTC@c20031026 | |
| 905 | @a213230@b327538-542@dI106.8@e106@f5 | |
| 浦漫汀儿童文学论稿/浦漫汀著.-石家庄:河北少年儿童出版社,2002 |
| 630页;22cm |
| ISBN 7-5376-2444-5(精装):CNY25.00 |
| ● |
| 相关链接 |
|
|
|
|
正题名:浦漫汀儿童文学论稿
索取号:I106.8/106
 
预约/预借
| 序号 | 登录号 | 条形码 | 馆藏地/架位号 | 状态 | 备注 |
| 1 | 0327538 | 203275384 | 第二借阅区/ [索取号:I106.8/106] | 在馆 | |
| 2 | 0327539 | 203275393 | 第二借阅区/ [索取号:I106.8/106] | 在馆 | |
| 3 | 0327540 | 203275400 | 第二借阅区/ [索取号:I106.8/106] | 在馆 | |
| 4 | 0327541 | 203275419 | 第二借阅区/ [索取号:I106.8/106] | 在馆 | |
| 5 | 0327542 | 203275428 | 第一样本阅览室/ [索取号:I106.8/106] | 在馆 |